000 00519cam a2200205ua 4500
020 _c28.50
041 _aeng
_h
082 _a536.7
_bSIN/HE
100 _aSinghal, S S .
245 _aHeat, thermodynamics and statistical physics /
_cS S Singhal.
_hTextual Documents
250 _a7 /
_b.
260 _aMeerut :
_bPragati Prakashan ,
_c1985.
300 _a463 ; .
365 _a28.50
504 _a
700 1 _aAgarwal, J P .
700 1 _aSatyaprakash, .
942 _cBK
999 _c11056
_d11056